[Event "TUR-chT"]
[Site "Kocaeli"]
[Date "2008.06.24"]
[Round "1"]
[White "Solak, Dragan"]
[Black "Atalik, Suat"]
[Result "1/2-1/2"]
[WhiteElo "2630"]
[BlackElo "2592"]
[Annotator "Atalik,S"]
[PlyCount "116"]
[EventDate "2008.06.24"]
[EventType "team"]
[EventRounds "15"]
[EventCountry "TUR"]
[SourceTitle "CBM 125"]
[Source "ChessBase"]
[SourceDate "2008.07.30"]
[SourceVersion "1"]
[SourceVersionDate "2008.07.30"]
[SourceQuality "1"]

1. e4 e5 2. Nf3 Nc6 3. Bb5 a6 4. Bxc6 dxc6 5. O-O Qf6 $5 6. d4 exd4 7. Bg5 Qd6
8. Qxd4 $5 Qxd4 {I was happy with this exchange because of having my pawn on
c6.} (8... Bg4 {looks like being the theoretical move but I felt no compulsion
to play it.} 9. Qc3 $5 $13 {leads to a complicated position.}) 9. Nxd4 Bd7 10.
Nc3 f6 ({Would Janowski go} 10... Nf6 $5 {here?}) 11. Be3 O-O-O 12. Rad1 g6 $1
13. Rd3 $6 {I do not like this pseudo aggressive move.} (13. f3 Nh6 14. Nde2
Nf7 $11) 13... Nh6 14. Bxh6 {A strange decision but still...} (14. Rfd1 Nf7 $1
15. b3 Ne5 16. R3d2 Bb4 17. Nde2 Be6 $36 {and Black takes over the initiative.}
) 14... Bxh6 15. Rfd1 Rhe8 16. Nde2 b5 $1 {When you have the pair of bishops
you should push pawns to open the position.} 17. f3 Bf8 ({More enterprising was
} 17... f5 $1 18. a3 (18. exf5 $2 b4 19. Ne4 gxf5 20. Rxd7 Rxd7 21. Rxd7 fxe4
22. Rxh7 exf3 23. gxf3 Rxe2 24. Rxh6 Rxc2 $17) 18... c5 19. Ng3 $15) 18. Nf4
Bd6 19. Rxd6 $5 {This may well be his only chance.} cxd6 20. Rxd6 Rf8 {I could
not have chosen between} ({and} 20... f5 21. Nd3 fxe4 22. Nxe4 Kc7 23. Rf6 Bf5
24. Rf7+ Rd7 25. Rxd7+ Bxd7 $17) 21. Kf2 Kc7 $2 {After this last inaccurate
move White keeps the rooks and the win becomes truly difficult.} (21... g5 22.
Nh5 Be8 23. Rxd8+ Kxd8 24. Ng3 Bd7 25. a3 a5 26. b4 Ke7 27. Ke3 axb4 28. axb4
Ra8 29. Nge2 Ra1 $17) 22. Rd1 Bc8 23. Nd3 $1 $15 a5 24. Ke3 Rd6 25. h4 Be6 26.
g4 Rfd8 $5 ({I have always found it difficult to play moves such as} 26... h6
27. Rg1 g5 28. Rh1 $132) 27. b3 a4 28. g5 $132 fxg5 29. hxg5 axb3 30. axb3 Kb6
31. f4 (31. e5 R6d7 32. Ne4 Re7 $15 {was another option.}) 31... R6d7 (31... c5
32. e5 Rd4 33. Ne4 c4 34. bxc4 Rxc4 35. Rd2 $13 {and it is not clear who is
better and why.}) 32. Rb1 $5 Ra7 33. Ne5 c5 34. Rh1 $1 {The young Serbian
grandmaster at his best!} c4 35. f5 Bg8 36. fxg6 hxg6 37. Rh6 Rd6 38. Rh8 cxb3
$1 39. cxb3 $138 ({White should not collaborate with} 39. Rxg8 $2 bxc2 40. Ne2
Ra3+ 41. Kf4 Rc3 $19) 39... Bxb3 40. Rb8+ Rb7 41. Rxb7+ Kxb7 42. Nxb5 $11 {
We manoeuvred a little bit after this bitter capture but objectively I do not
see a reason for White to lose this.} Rb6 43. Nd4 Ba4 44. Nc4 Ra6 45. Kf4 Kc7
46. Ke5 Kd7 47. Ne3 Ke7 48. Nd5+ Kf7 49. Nf3 Bd1 50. Nd4 Bh5 51. Nc7 Ra1 52.
Ndb5 Rg1 53. Nd6+ Kf8 (53... Ke7 54. Nd5+ Kd7 55. Nf7 Ke8 56. Nd6+ Kf8 57. Kf6
{transposes to the game.}) 54. Kf6 Rd1 55. Nd5 Rf1+ 56. Ke5 Rg1 {Enough is
enough! It is obvious that 1.5 months of unemployment had effected my game.} (
56... Bf3 57. Nf4 Kg7 58. Ne6+ Kg8 59. Nf4 Kh7 60. Ne6 $11) 57. Kf6 Rf1+ 58.
Ke5 Rg1 1/2-1/2

[Event "Leon"]
[Site "Leon"]
[Date "1995.??.??"]
[Round "5"]
[White "Romero Holmes, Alfonso"]
[Black "Bareev, Evgeny"]
[Result "0-1"]
[WhiteElo "2455"]
[BlackElo "2675"]
[Annotator "Bareev,E"]
[PlyCount "77"]
[EventDate "1995.05.??"]
[EventType "tourn"]
[EventRounds "9"]
[EventCountry "ESP"]
[EventCategory "14"]
[SourceTitle "CBM 048"]
[Source "ChessBase"]
[SourceDate "1995.10.01"]
[SourceVersion "1"]
[SourceVersionDate "1995.10.01"]
[SourceQuality "1"]

1. e4 {Wedberg Romero Holmes} e5 2. Nf3 Nc6 3. Bb5 a6 4. Bxc6 dxc6 5. O-O Qd6
6. c3 Bg4 7. h3 Bh5 (7... Bxf3 {Wedberg} 8. Qxf3 O-O-O 9. Qxf7 Nf6 10. d4 exd4
11. cxd4 Qxd4 12. Nc3 Bb4 13. Be3 Qd7 $10 {Gipslis,A/ECO}) 8. d4 f6 (8... O-O-O
$6 9. g4 Bg6 10. Nxe5) 9. Be3 (9. dxe5 fxe5 10. Be3 Qxd1 11. Rxd1 Bd6 12. Nbd2
Nf6 $10) 9... O-O-O 10. Nbd2 exd4 11. cxd4 Nh6 12. Qc2 (12. Bxh6 $6 {Wedberg}
gxh6 $40 {><g2}) 12... g5 13. Nc4 $1 (13. Rac1 g4 14. hxg4 Nxg4 15. Nc4 Qd7 16.
Bf4 Rg8 $13) (13. e5 Qd5 14. exf6 g4 $44) 13... Qd7 14. Nfd2 f5 (14... g4 15.
h4 g3 (15... f5 {Wedberg} 16. e5 Nf7 $13) 16. f3 Nf7 17. d5 (17. Rac1 $1 Kb8
18. Qb3 $16) 17... Kb8 18. dxc6 Qxc6 19. Rac1 Bc5 20. Qb3 Rd7) 15. Bxg5 (15. f3
$1 fxe4 16. Ne5 (16. fxe4 g4 17. Rxf8 (17. h4 $1 g3 18. Ne5 Qe6 19. Qb3 $16)
17... Rdxf8 18. Bxh6 gxh3 19. Bxf8 Qxd4+ 20. Kh2 Qf2 21. Kxh3 (21. Rg1 Rg8)
21... Rg8) 16... Qe6 17. Nxe4 (17. fxe4 g4 18. h4 c5 $13) 17... Nf5) 15... Re8
(15... Rg8 16. Bxd8 f4 17. Bh4 Qxh3 18. Bg3 Qg4 19. Ne5 Qg7 20. Qb3 $18) 16. e5
(16. Ne5 Qxd4 17. Ndf3 Qxe4 (17... Bxf3 18. Nxf3 Qxe4 19. Rfe1 Qxc2 20. Rxe8+
Kd7 21. Rd8+ Ke6 22. Nd4+ $18) (17... Qc5 $1 18. Qd2 (18. Qxc5 Bxc5 19. Bxh6 (
19. exf5 Nxf5 20. g4 Rhg8) 19... fxe4 20. Nh2 Rxe5 21. Bg7 Rhe8 22. Bxe5 Rxe5
$14) 18... Qd6 $13) 18. Qd2 $1 $18) 16... Rg8 (16... Nf7 17. Bf4 Nd8 18. d5)
17. Bf4 Nf7 $2 (17... Kb8 18. Qc3 Nf7 $13 {/\Nd8}) 18. Ne3 $2 (18. d5 $1 Kd8 (
18... Qxd5 19. Qxf5+ Kb8 20. Ne3 Qxd2 21. Qxh5 $18) (18... Kb8 19. Nb6 $1 Qd8
20. e6 Nd6 21. Nd7+ Ka8 22. dxc6 $18) (18... b5 19. dxc6 Qxc6 20. Nd6+ Kd7 21.
Qxc6+ Kxc6 22. Nxe8 $18) (18... cxd5 $4 {Romero Holmes} 19. Nb6+) 19. d6 cxd6
20. exd6 Nxd6 21. Rad1 Bxd1 22. Rxd1 Rg6 23. Nxd6 Bxd6 24. Nc4 Ree6 (24... Bxf4
25. Rxd7+ Kxd7 26. Qxf5+ $18) 25. Bxd6 Rxd6 26. Rxd6 Rxd6 27. Nxd6 Qxd6 28.
Qxf5 $18) 18... Nd8 $1 19. Qxf5 Ne6 20. Qxh5 (20. Bg3 $6 {Wedberg} Rg5 21. Qe4
Nxd4 $17) (20. Nb3 $5 {Wedberg} Bg6 21. Qg4 Qf7 22. Bh2 Bd3 23. Qd1 Bxf1 24.
Qxf1 $13 Bh6) 20... Nxf4 21. Qf5 (21. Qf3 Nxh3+ 22. Kh1 Ng5 23. Qf5 Re6 24.
Rfd1 (24. g3 Qxd4) 24... Be7 (24... Qxd4 $1 25. Nf3 (25. Ng4 Be7) 25... Qe4 26.
Qxe4 Nxe4 27. Kg1 Bc5) 25. Ne4 Rf8 26. Nf6 Bxf6 27. exf6 Ne4 28. d5 cxd5 29.
Rxd5 Nd6 $13) (21. Qh4 {Wedberg} Nxh3+ (21... Qxd4 22. Qxh7 $132 {/\Nf3}) 22.
Kh2 Ng5 23. Qg4 Re6 24. Nf5 Reg6 $40) 21... Qxf5 22. Nxf5 Rxg2+ 23. Kh1 Rg5 $1
24. Ng3 Rg6 $1 {/\ Rh6 /\ Rh6} (24... Nxh3 $6 {Wedberg} 25. Nde4 Rg6 26. f4 $16
) 25. Nf3 (25. Nde4 c5 (25... Rh6 $40 {Wedberg}) 26. Nxc5 Bxc5 27. dxc5 Rxe5
$15) 25... Nxh3 26. Nf5 (26. Kh2 Nf4 27. Nf5 c5 $15) 26... Be7 27. Kh2 (27.
Rae1 Bd8 28. Kh2 (28. Re4 Rf8 29. N3h4 Rg1+ 30. Rxg1 Nxf2+ 31. Kh2 Nxe4 $15)
28... Nf4 (28... Rf8 29. N3h4 $1 Bxh4 30. Nxh4 Rh6 31. Kxh3 Rf4 32. f3 $16) 29.
Re4 Ne6 30. N3h4 Rg5 31. f4 (31. Rg1 Rh5 32. Rgg4 Rf8 $17) 31... Rh5 32. Kh3
Ng7 33. Kg4 Rg8 $19) 27... Nf4 28. Rg1 (28. N3h4 $2 Bxh4 29. Nxh4 Rh6 30. Kg3
Ne2+ 31. Kh3 Nxd4 $19) (28. Rae1 $1 {Romero Holmes /\ Re4}) 28... Bd8 29. N3h4
(29. Rg3 {Wedberg} Rf8 30. N3h4 Bxh4 31. Nxh4 Rh6 32. Rg4 Nd3 33. Rf1 c5 $17)
29... Rxg1 $1 (29... Rf8 $2 30. Nxg6 hxg6 31. Ne3 Rh8+ 32. Kg3 Ne2+ 33. Kf3 $18
) 30. Rxg1 c5 $1 31. Rg4 $138 (31. Ng7 Rf8 $1 32. Nf3 (32. Nhf5 cxd4 33. Rg4
Ng6 34. Rxd4 Nxe5 35. Kg3 Bf6 $17) 32... Ne2 (32... Nd3 $1 33. Rg3 (33. Kg3
cxd4 $17) 33... cxd4 34. Ne6 Re8 $17) 33. Re1 Nxd4 34. Nxd4 cxd4 35. Rf1 $1 (
35. Re2 d3 36. Rd2 Bg5 $17) 35... Bh4 36. f4 d3 37. Ne6 $1 (37. f5 Rf7 38. f6
d2 39. Rd1 Bxf6 40. exf6 Rxf6 41. Rxd2 Rh6+ 42. Kg1 Rg6+ 43. Rg2 $10) 37... Rg8
38. Kh3 $18) 31... Nd3 32. f4 (32. Ng7 Rf8 (32... Rg8 {Romero Holmes} 33. Nhf5)
33. Nhf5 cxd4 34. f4 h5 $19) 32... h5 33. Rg1 (33. Rg7 Nxf4 $19) 33... cxd4 $2
(33... Nxf4 34. Ng7 Rf8 35. Nhf5 Ne2 (35... cxd4 36. Nxd4 c5 37. Nde6 Nxe6 38.
Nxe6 Re8 39. Nxd8 Kxd8 40. Rg5 Kd7 41. Rxh5 $10) 36. Rd1 (36. Re1 Nxd4 37. Nxd4
cxd4 38. Ne6 Rf2+ 39. Kh3 Rxb2 40. Rf1 Rb6 41. Nxd4 c5 42. Rc1 Be7 43. Nf5 Kd7
44. Nxe7 Kxe7 45. Rxc5 Ke6 $19) 36... Nxd4 37. Nxd4 cxd4 38. Rxd4 Rf2+ 39. Kh3
Rxb2 $19) 34. Ng6 (34. Ng7 Rg8 35. Nhf5 Nxf4 36. Nxd4 Nd3 (36... c5 37. Ndf5
Rf8 38. Rf1 Bg5 39. e6 (39. Rg1 Bd8) 39... Rxf5 40. Nxf5 Nxe6 $10) 37. e6 Bf6
38. Ndf5 Ne5 (38... Be5+ $1 39. Kh1 (39. Kh3 $1 Nf4+ 40. Kh4 Nxe6 41. Ne7+ Kd7
42. Nxg8 Bxg7 43. b3 $10) 39... Nf2+ (39... Bxg7 40. Rxg7 (40. Nxg7 Nf2+ 41.
Kh2 Ng4+ $19) 40... Rxg7 41. Nxg7 Kd8 $19) 40. Kg2 Rxg7+ 41. Nxg7 Bxg7 42. Re1
Ng4 43. e7 Nf6 44. Rd1 c5 (44... b5 45. Rd8+ Kb7 46. Rg8 Bh6 47. Rg6 $18) 45.
Rd6 Kc7 46. Rxf6 Kd7 47. Rb6 Kxe7 48. Rxb7+ $18) 39. Kh3) 34... Nxf4 35. Nxf4
Rf8 36. Ne6 (36. Nxd4 {Wedberg} Rxf4 37. Ne6 Rf2+ 38. Kh3 Kd7 $17) (36. e6 {
Wedberg} Rxf5 37. Rg8 Re5 38. Re8 c5 39. Ng6 Re2+ 40. Kh3 Kc7 41. e7 Bxe7 42.
Rxe7+ Rxe7 43. Nxe7 Kd6 $19) 36... Rxf5 37. Rg8 Kd7 38. Nxd8 (38. Nf8+ Ke7 39.
Ng6+ Kf7 40. Rxd8 Kxg6 $19) 38... Rxe5 39. Nf7 $138 (39. Nf7 Re2+ 40. Rg2 (40.
Kh3 Rxb2 $19) (40. Kg3 {Wedberg} Rxb2 $19) 40... d3 41. Rxe2 dxe2 42. Ne5+ Ke6
43. Nf3 Kd5 44. Kg2 Ke4 45. Kf2 Kd3 46. Ke1 (46. Ne5+ Kd2 47. Nc4+ Kd1 48. Ne3+
Kc1 49. b4 Kd2 50. Nc4+ Kc3 $19) 46... a5 47. b3 c6 48. Kf2 Kc2 49. Kxe2 Kb2
50. Kd3 Kxa2 51. Kc3 Ka3 $19) 0-1

[Event "EU-ch 8th"]
[Site "Dresden"]
[Date "2007.04.12"]
[Round "9"]
[White "Bindrich, Falko"]
[Black "Godena, Michele"]
[Result "1-0"]
[WhiteElo "2469"]
[BlackElo "2558"]
[Annotator "Bindrich,F"]
[PlyCount "93"]
[EventDate "2007.04.03"]
[EventType "swiss"]
[EventRounds "11"]
[EventCountry "GER"]
[SourceTitle "CBM 118"]
[Source "ChessBase"]
[SourceDate "2007.05.31"]
[SourceVersion "1"]
[SourceVersionDate "2007.05.31"]
[SourceQuality "1"]

1. e4 e5 2. Nf3 Nc6 3. Bb5 a6 4. Bxc6 $5 {When I had to make my last IM norm
in the 9th round in Geneva in 2006 I chose the Exchange Variation and won 
(after horrible mistakes made by both sides). So I decided to play this
opening again, and again in a decisive moment. If I win that game, I will
complete my last GM norm and become GM. Another interesting moment: my
opponent himself is an expert on this opening.} dxc6 5. O-O Qd6 6. Na3 Be6 7.
Qe2 Ne7 $5 {Played after long thought. Most probably my opponent wanted to
avoid any preparation.} 8. Nc4 Bxc4 9. Qxc4 $14 {Getting back the bishop and
gaining a slight advantage.} c5 10. d3 Nc6 11. Ng5 Qg6 12. f4 Be7 (12... b5 13.
Qc3 Bd6 (13... Nd4 14. Kh1 Be7 15. Nf3 $14) 14. f5 Qh5 15. Be3 Nd4 16. Qd2 O-O
17. f6 $14) 13. Nf3 exf4 14. Bxf4 O-O-O 15. Ne5 $1 Nxe5 16. Bxe5 f6 17. Bg3 Qe8
(17... Rd4 18. Qe6+ Rd7 19. Rf5 Rhd8 20. a4 $1 Bd6 21. Bxd6 cxd6 22. a5 $14)
18. Rf5 (18. e5 $5) 18... g6 (18... Rd4 $6 19. Qc3 Qc6 20. Bf2 g6 21. Rf3 Rb4
22. a3 Rb6 23. b3 $14) 19. Rf3 Qb5 20. Qxb5 axb5 21. a4 $1 $14 {Even after the
exchange of queens White has a slight advantage due to Black's pawn weaknesses.
} bxa4 22. Rxa4 Kd7 $1 $138 {Strong defence.} 23. Ra7 $6 (23. Rf1 $142) 23...
Kc6 24. Bh4 $6 g5 25. Be1 Ra8 (25... c4 $1 {equalizes immediately}) 26. Rxa8
Rxa8 27. Bc3 Kd7 (27... Ra1+ 28. Kf2 Rc1 29. Bxf6 Rxc2+ 30. Kg3 Kd7 {Would
have forced a draw.}) 28. Bxf6 Ra1+ 29. Kf2 Rc1 30. c4 $1 {Now I have time for
that.} Rc2+ 31. Kg3 Bxf6 32. Rxf6 Rxb2 33. Rh6 c6 34. Kg4 $5 {An interesting
try.} (34. Rxh7+ Ke6 35. Rh6+ Ke5 36. Rg6 Kd4 37. Rxg5 Kxd3 38. Rxc5 Kxe4 39.
h4 Kd4 40. Rf5 Kxc4 41. h5 Re2 $11) 34... Rxg2+ 35. Kf5 Rf2+ 36. Kxg5 b5 37.
Rxh7+ Kd6 38. Rh6+ (38. h4 $142 $1 Ke5 39. Re7+ Kd4 40. cxb5 cxb5 41. Rd7+ Kc3
42. e5 {With practical chances for a win, but most probably this should be a
draw.}) 38... Kc7 39. e5 b4 40. Rh7+ Kb6 41. e6 Re2 42. e7 b3 43. Rf7 Ka5 $4 (
43... b2 {Mr Tischbierek wrote in "Schach" No. 5 page 12 from May 2007 that
this is simply winning. But it is not that easy. My opponent, GM Godena, spent
9 a half (!) of his 10 minutes left to think about b2. He saw Rf2, panicked
and played Ka5. He just did not see ...Qxd3 on move 46.} 44. Rf2 $1 (44. Rf1
Rxe7 45. h4 Ka5 $19) 44... Re5+ 45. Kf6 b1=Q 46. Kxe5 Qxd3 (46... Kc7 47. Rf8
Qa1+ 48. Ke6 Qe1+ 49. Kf6 Qf1+ 50. Kg7 Qg1+ 51. Kf7 Qf1+ 52. Kg7 Qg2+ 53. Kf7
Qf3+ 54. Kg7 Qg4+ 55. Kf7 Qf5+ 56. Kg7 Qg5+ 57. Kf7 Qh5+ 58. Kg7 Qe5+ 59. Kf7
Qf4+ 60. Kg7 $11) 47. Rf4 Qd7 48. Rf7 Qd4+ 49. Kf5 $11 {And this position
cannot be won.}) 44. Kf6 b2 45. Rf8 Rf2+ (45... b1=Q 46. Ra8+ Kb6 47. Rb8+ Kc7
48. Rxb1 Kd6 49. h4 (49. Rb7 $2 Rxe7 $1 {nice}) 49... Re6+ 50. Kf5 Rxe7 51. h5
$18) 46. Ke6 Re2+ 47. Kd7 1-0

[Event "Beersheba"]
[Site "Beersheba"]
[Date "1996.??.??"]
[Round "6"]
[White "Greenfeld, Alon"]
[Black "Mikhalevski, Victor"]
[Result "1-0"]
[WhiteElo "2560"]
[BlackElo "2495"]
[Annotator "Bykhovsky,Av"]
[PlyCount "59"]
[EventDate "1996.03.??"]
[EventType "tourn"]
[EventRounds "11"]
[EventCountry "ISR"]
[EventCategory "10"]
[SourceTitle "CBM 053"]
[Source "ChessBase"]
[SourceDate "1996.08.01"]
[SourceVersion "1"]
[SourceVersionDate "1996.08.01"]
[SourceQuality "1"]

1. e4 {Petursson} e5 2. Nf3 Nc6 3. Bb5 a6 4. Bxc6 dxc6 5. O-O Qd6 6. Na3 Be6 7.
Qe2 f6 8. Rd1 O-O-O 9. d4 exd4 $6 (9... Bg4 $5 $13 {De La Villa,J-Illescas,M/
ESP/1995/0:1/26/Inf 64/306/}) 10. Rxd4 Qe7 11. Bf4 $1 g5 12. Bg3 Nh6 (12... h5
$5 13. e5 Bd5 $14) 13. Rxd8+ Qxd8 14. Rd1 Qe7 (14... Qe8 15. Nc4 $16) 15. Nd4
Bd7 16. Qd2 Qb4 $2 (16... Bg7 {/\Rd8+/=/}) 17. Qd3 Qe7 (17... Bd6 18. Nb3 Nf7
19. Nc4 $18) 18. Nc4 c5 19. Bxc7 $1 $18 cxd4 20. Qg3 $1 (20. Nb6+ {Petursson}
Kxc7 21. Nd5+ Kb8 22. Nxe7 Bxe7 23. Qg3+ (23. c3 $5) 23... Kc8 24. Rxd4 $16)
20... b5 21. Nd6+ Kxc7 22. Nxb5+ $1 {Petursson} Kb6 23. Qc7+ Kxb5 24. a4+ Kxa4
25. Rxd4+ Kb5 26. Rd5+ Qc5 27. Qb7+ Ka4 28. Qxa6+ Kb4 29. Rxd7 $1 Qb5 30. Qa3+
1-0